| 000 | 012790000a22002170004500 | ||
|---|---|---|---|
| 001 | 458 | ||
| 003 | CO-MdBIC | ||
| 020 | _a84-7432-817-9 | ||
| 040 | _bspa. | ||
| 082 | 0 | 4 | _aG 001.42 B7251c |
| 245 | 1 | 0 | _aCómo convertirse en un hábil investigador / Wayne C. Booth , Gregory G. Colomb , Joseph M. Williams ; José A. Álvarez, Traductor |
| 260 | _aBarcelona, España : Gedisa | ||
| 300 | _a318 Pag. | ||
| 336 |
_atexto _btxt _2rdacontent |
||
| 337 |
_2rdamedia _asin mediación _bn |
||
| 338 |
_2rdacarrier _avolumen _bnc |
||
| 500 | _aTítulo original : The Craft of research | ||
| 505 | 0 | 0 | _aEL pensamiento en letra impresa: el uso de la investigación pública y de la privada -- Para comunicarse a sí mismo y a su audiencia -- De los temas a las preguntas -- De las preguntas a los problemas -- De las preguntas a las fuentes -- La utilización de fuentes documentales -- Construir buenos argumentos: una visión de conjunto -- Afirmaciones y evidencia -- Justificaciones -- Condicionamientos -- Pasos previos y confección de un borrador -- La comunicación visual de la evidencia -- La revisión de la organización y del argumento -- La revisión de estilo: para que cuente su historia claramente -- Introducciones. |
| 650 | 1 | 4 | _aMETODOS DE INVESTIGACION |
| 942 | _cBK | ||
| 999 |
_c31983 _d31983 |
||